00995nam a2200265 a 4500001000200000003000400002005001700006007000300023008004000026040002300066082002600089111008500115245009700200246004300297260005400340300002700394590002600421610004700447700003700494910004000531942001200571952012300583956000600706999001700712 OSt20240307072857.0ta100322s2004 ve a 000 0 spa d aBPMSUbspacBPMSU  a027.4bT787a 20042222 aJornada del Conocimiento Bilbioteca Juan Boschn(1 : d2014 :cSanto Domingo)g 00a30 años de Biblioteca Ayacucho :b1974-2004 /cdirector editorial Oscar Rodríguez Ortiz 13aTreinta años de Biblioteca Ayacucho  aCaracas, Venezuela : bEditorial Arte, c2004b  a93 p. :bil. ;c24 cm. aInventariado, 2024/VM14aBiblioteca AyacuchozVenezuela xHistoria 1 aRodríguez Ortiz, Oscar eed.  aVMateo V. Control de calidad. BPMSU 2ddccBK 00102ddc40708CGaBPMETbBPMETd2024-02-16l0oBPMSU CG 027.4 T787a 2004pBPMSU24020337r2024-02-16w2024-02-16yBK a  c14575d14575